00649nam a22001814a 4500008004100000020002200041245014700063260004700210300005900257504004300316500002000359650002400379700001700403700002000420003000100440005001700441040000900458  a0443071012 (pbk.)04aThe Royal Marsden Hospital handbook of cancer chemotherapy :ba guide for the multidisciplinary team /cedited by David Brighton, Miriam Wood. aEdinburgh :bChurchill Livingstone,c2005. axvii, 563 p. :bill. ;c25 cm. +e1 CD-ROM (4 3/4 in.) aIncludes bibliographical references.  aIncludes Index. aCancer chemotherapy aWood, Miriam aBrighton, David20230120204018.0 cNUST